000 01904nam a2200265 a 4500
008 120416s1965 ||||||||||||||||| || u
020 _a0130023949
050 _aHF 5635 Hor
100 _aHorngren, Charles T
245 1 0 _aAccounting for management control: an introduction.
260 _aEnglewood Cliffs, N.J.:
_bFT Prentice-Hall
_c1965
300 _axiv, 498p. : ill.
350 _a0.00
650 0 _aACCOUNTING--HANDBOOKS, MANUALS, ETC
650 0 _aMANAGERIAL ACCOUNTING
995 _aANNEX COLLECTION (Main Library)
_D0.00
_e106354
_FCBU-MAIN LIBRARY (Kitwe)
_H5
_I5.95
_jHF 5635 Hor
_M1
_UAVAILABLE
_y005734
_ZAnnex Low-Usage Collection
995 _aTEXTBOOKS (SB)
_D0.00
_e1563
_FCBU-SCHOOL TEXTBOOK COLLECTIONS
_H1
_I0.00
_jSCHOOL TEXTBOOK
_M10
_UAVAILABLE
_WSep 21, 2009
_y1563
_ZSchool Collections
995 _aANNEX COLLECTION (Main Library)
_D0.00
_e106355
_FCBU-MAIN LIBRARY (Kitwe)
_H6
_I5.95
_jHF 5635 Hor
_M2
_UAVAILABLE
_y005735
_ZAnnex Low-Usage Collection
995 _aANNEX COLLECTION (Main Library)
_D0.00
_e106357
_FCBU-MAIN LIBRARY (Kitwe)
_H4
_I5.95
_jHF 5635 Hor
_M4
_UAVAILABLE
_y005737
_ZAnnex Low-Usage Collection
995 _aANNEX COLLECTION (Main Library)
_D0.00
_e106356
_FCBU-MAIN LIBRARY (Kitwe)
_H1
_I5.95
_jHF 5635 Hor
_M3
_UAVAILABLE
_y005736
_ZAnnex Low-Usage Collection
995 _aTEXTBOOKS (SB)
_D0.00
_e1562
_FCBU-SCHOOL TEXTBOOK COLLECTIONS
_H1
_I0.00
_jSCHOOL TEXTBOOK
_M9
_UAVAILABLE
_WSep 21, 2009
_y1562
_ZSchool Collections
995 _aTEXTBOOKS (SB)
_D0.00
_e01386
_FCBU-SCHOOL TEXTBOOK COLLECTIONS
_H1
_I0.00
_jSCHOOL TEXTBOOK
_M11
_UAVAILABLE
_WSep 23, 2009
_y01386
_ZSchool Collections
995 _aTEXTBOOKS (SB)
_D0.00
_e1560
_FCBU-SCHOOL TEXTBOOK COLLECTIONS
_H1
_I0.00
_jSCHOOL TEXTBOOK
_M7
_UAVAILABLE
_WSep 21, 2009
_y1560
_ZSchool Collections
995 _aTEXTBOOKS (SB)
_D0.00
_e1561
_FCBU-SCHOOL TEXTBOOK COLLECTIONS
_H1
_I0.00
_jSCHOOL TEXTBOOK
_M8
_UAVAILABLE
_WSep 21, 2009
_y1561
_ZSchool Collections
999 _c75597
_d75597